Chinese Lawmaking : From Non-Communicative to Communicative /

A partir de la premisa de que China necesita una reforma jurídica, se establece que los habitantes deben sentir que están representados y, en ese sentido, sería una iniciativa legislativa comunicativa. Se enfatiza que no se puede estudiar el derecho chino con base en los parámetros de las leyes occi...

Descripción completa

Guardado en:
Detalles Bibliográficos
Autor principal: He, Peng (autor)
Otros autores: Bańkowski, Zenon (prólogo) (prólogo)
Formato: Libro
Idioma:Inglés
Publicado: Berlín, Alemania : Springer, 2014, c2014
Colección:(Understanding China)
Temas:
Acceso en línea:Ver documento en línea
Etiquetas: Agrega una etiqueta
Sin etiquetas, Sé el primero en etiquetar este registro!

MARC

LEADER 00000nam^a2200000^a^4500
001 000420403
005 20251023000000.0
009 20260310122509.071
020 |a 978-3-642-39507-9 
037 |a Acervo ITESO - Biblioteca 
041 |a ING 
082 |a 349. 51  |b HE 
100 |a He, Peng  |e (autor) 
245 1 0 |a Chinese Lawmaking :  |b From Non-Communicative to Communicative /  |c H. Peng ; pról. de Z. Bańkowski. 
264 4 |a Berlín, Alemania :  |b Springer,  |c 2014, c2014 
264 2 |a Cham, Suiza :  |b Springer Link [distribución],  |c 2014 
300 |a 1 libro electrónico en línea (XIII, 186 p.) 
300 |a 1 recurso en línea 
336 |a datos para computadora  |b cod  |2 rdacontenido 
337 |a computadora  |b c  |2 rdamedio 
338 |a recurso en línea  |b cr  |2 rdasoporte 
440 1 |a (Understanding China) 
506 0 |a Licencias ilimitadas 
520 |a A partir de la premisa de que China necesita una reforma jurídica, se establece que los habitantes deben sentir que están representados y, en ese sentido, sería una iniciativa legislativa comunicativa. Se enfatiza que no se puede estudiar el derecho chino con base en los parámetros de las leyes occidentales. 
649 |a XX 
650 |a Legitimidad e Ilegitimidad -  |z China 
650 |a Jurisprudencia -  |z China 
650 |a Reforma Jurídica -  |z China -  |x Historia 
650 |a Sistemas Jurídicos Socialistas -  |z China -  |x Historia 
650 |a Derecho -  |z China -  |x Historia -  |x Tema Principal 
650 |a China -  |x Condiciones Jurídicas 
700 |a Bańkowski, Zenon  |e (prólogo) 
856 4 0 |u https://link-springer-com.ezproxy.iteso.mx/10.1007/978-3-642-39507-9  |y Ver documento en línea 
910 |a Fondo General 
920 |a Electrónicos - Libros en Línea 
930 |a Plataforma Digital 
905 |a 205 
901 |a 420403-1  |b IT2  |c EBO  |i C172346  |u 20250521 
902 |a https://opac.biblio.iteso.mx/vufind/Record/000420403